5-Letter Words Within Capital Cities - Statistics

General Stats
  • This quiz has been taken 44 times
  • The average score is 7 of 10
Answer Stats
Word Capital % Correct
Video Montevideo
98%
Stock Stockholm
90%
Grade Belgrade
88%
Ridge Bridgetown
68%
Tries Castries
63%
Asset Basseterre
59%
Maser Maseru
59%
Moron Moroni
54%
Boron Gaborone
46%
Hares Bucharest
29%
No matching quizzes found
Score Distribution
Percent of People with Each Score
Percentile by Number Answered
Your Score History
You have not taken this quiz